[Event "Vaujany Principal"]
[Site "?"]
[Date "2018.07.13"]
[Round "2.15"]
[White "Paul, Johannes"]
[Black "Khachatryan, Samvel S"]
[Result "1-0"]
[WhiteElo "2315"]
[BlackElo "2091"]
[PlyCount "61"]
[EventDate "2018.??.??"]

1. d4 Nf6 2. c4 e6 3. Nc3 c5 4. d5 exd5 5. cxd5 d6 6. Nf3 g6 7. Bf4 a6 8. a4
Nh5 9. Bg5 Qb6 10. Qc2 Qc7 11. g4 Ng7 12. Bf6 Rg8 13. h3 Be7 14. Ne4 Qa5+ 15.
Nfd2 Nd7 16. Bxe7 Kxe7 17. Bg2 f5 18. Nc3 b5 19. Nb3 Qb6 20. axb5 Rb8 21. Na5
Kf7 22. Nc4 Qc7 23. bxa6 Rb4 24. Ra4 Rxa4 25. Qxa4 Nb6 26. Qa5 Na8 27. Qxc7+
Nxc7 28. Nxd6+ Kf6 29. Nxc8 Rxc8 30. a7 Nge8 31. d6 1-0

[Event "Vaujany Principal"]
[Site "?"]
[Date "2018.07.13"]
[Round "2.18"]
[White "Berta, Sandor"]
[Black "Gaborit, Jean Pierre"]
[Result "0-1"]
[WhiteElo "2083"]
[BlackElo "2186"]
[PlyCount "74"]
[EventDate "2018.??.??"]

1. e4 e6 2. Qe2 Nf6 3. Nf3 d5 4. d3 Be7 5. g3 c5 6. Bg2 Nc6 7. O-O b6 8. e5 Nd7
9. c4 d4 10. Nfd2 Qc7 11. f4 a6 12. Ne4 Bb7 13. Na3 h5 14. h4 g6 15. Bd2 Rb8
16. Nc2 b5 17. cxb5 axb5 18. b4 Qb6 19. Rfc1 Nxb4 20. Bxb4 cxb4 21. Qe1 Bxe4
22. Bxe4 b3 23. axb3 b4 24. Qf2 O-O 25. Ne1 Rfc8 26. Rc4 Nc5 27. Rb1 Nxe4 28.
dxe4 Rxc4 29. bxc4 Rd8 30. Rb3 Ra8 31. Qb2 Qc6 32. Qc2 Ra3 33. Rxa3 bxa3 34.
Kf2 Qa8 35. Qa2 Qxe4 36. Nc2 d3 37. Nxa3 Bc5+ 0-1

[Event "Vaujany Principal"]
[Site "?"]
[Date "2018.07.13"]
[Round "2.19"]
[White "Skomorokhin, Roman"]
[Black "Bat, Bilguun"]
[Result "1/2-1/2"]
[WhiteElo "2371"]
[BlackElo "1929"]
[PlyCount "122"]
[EventDate "2018.??.??"]

1. d4 Nf6 2. c4 e6 3. Nf3 b6 4. e3 Bb7 5. Bd3 d5 6. cxd5 exd5 7. O-O Bd6 8. Nc3
a6 9. Ne2 O-O 10. Ng3 g6 11. b3 Nbd7 12. Bb2 Qe7 13. Rc1 Ne4 14. Qc2 Rac8 15.
Qe2 Qe6 16. a3 a5 17. Bb5 f5 18. Bc6 Bxc6 19. Rxc6 Qe7 20. Qb5 Nef6 21. a4 Nb8
22. Rc2 Qe8 23. Ne5 Bxe5 24. dxe5 Qxb5 25. axb5 Ne4 26. Nxe4 dxe4 27. Rfc1 c5
28. bxc6 Rc7 29. Bd4 Rfc8 30. Bxb6 Rxc6 31. Rxc6 Rxc6 32. Rxc6 Nxc6 33. Bc7 Kf7
34. f4 exf3 35. gxf3 g5 36. h4 h6 37. Kg2 Ke6 38. Kg3 Nxe5 39. hxg5 hxg5 40.
Bxa5 g4 41. fxg4 Nxg4 42. Bb6 Nf6 43. Kf3 Nd5 44. Ba7 Nc3 45. Bd4 Nb5 46. Bb2
Nc7 47. Ke2 Kd5 48. Kd3 Na6 49. Ba3 Nc7 50. Bf8 Na6 51. Bh6 Nc7 52. Bg5 Nb5 53.
Be7 Nc7 54. Bd8 Nb5 55. Bb6 Kc6 56. Ba5 Kd5 57. Bd2 Kc5 58. Be1 Kd5 59. Bf2 Nd6
60. Bh4 Nb5 61. Be7 Nc7 1/2-1/2

[Event "Vaujany Principal"]
[Site "?"]
[Date "2018.07.13"]
[Round "2.20"]
[White "Zeuner, Ole"]
[Black "Ortiz Suarez, Isan Reynaldo"]
[Result "0-1"]
[WhiteElo "1999"]
[BlackElo "2548"]
[PlyCount "58"]
[EventDate "2018.??.??"]

1. e4 c5 2. Nf3 d6 3. d4 cxd4 4. Nxd4 Nf6 5. Nc3 a6 6. Be3 e6 7. Be2 Qc7 8. f4
Be7 9. Qd2 b5 10. Bf3 Bb7 11. a3 Nbd7 12. g4 Nb6 13. g5 Nc4 14. Qe2 Nd7 15. Bc1
g6 16. Nb3 Bf8 17. f5 Nde5 18. f6 h6 19. h4 hxg5 20. hxg5 Nxf3+ 21. Qxf3 Rxh1+
22. Qxh1 d5 23. exd5 Qg3+ 24. Ke2 O-O-O 25. Qf3 Qe5+ 26. Qe4 Qh2+ 27. Ke1 Qg1+
28. Ke2 exd5 29. Qd4 Re8+ 0-1

[Event "Vaujany Principal"]
[Site "?"]
[Date "2018.07.13"]
[Round "2.21"]
[White "Meunier, Clement"]
[Black "Rickmann, David"]
[Result "1-0"]
[WhiteElo "2322"]
[BlackElo "1957"]
[PlyCount "75"]
[EventDate "2018.??.??"]

1. e4 d5 2. exd5 Qxd5 3. Nc3 Qd6 4. d4 Nf6 5. Nf3 a6 6. g3 Bg4 7. h3 Bh5 8. Bf4
Qb6 9. Bg2 Nc6 10. g4 Bg6 11. O-O O-O-O 12. Na4 Qa7 13. c4 e6 14. Be3 Qb8 15.
Qb3 Ne4 16. Nh4 Nxd4 17. Bxd4 Rxd4 18. Nxg6 hxg6 19. Rad1 Nc5 20. Qf3 Rxd1 21.
Rxd1 Nxa4 22. Qxf7 Bd6 23. Qxe6+ Kd8 24. Qxg6 Qa7 25. Qxg7 Re8 26. b3 Nc5 27.
b4 Ne6 28. Qf6+ Kc8 29. Qf7 Re7 30. Qg8+ Kd7 31. c5 Nxc5 32. bxc5 Qxc5 33. Bxb7
Re8 34. Qf7+ Kd8 35. Qf6+ Re7 36. Bxa6 Qb6 37. Bc4 Kc8 38. Qf5+ 1-0

[Event "Vaujany Principal"]
[Site "?"]
[Date "2018.07.13"]
[Round "2.24"]
[White "Meddouri-Bernard, Edouard"]
[Black "Mullick, Raahil"]
[Result "0-1"]
[WhiteElo "1927"]
[BlackElo "2128"]
[PlyCount "56"]
[EventDate "2018.??.??"]

1. e4 c5 2. Nf3 d6 3. d4 cxd4 4. Nxd4 Nf6 5. Nc3 a6 6. Be3 e5 7. Nb3 Be6 8. f3
h5 9. Qd2 Nbd7 10. O-O-O Be7 11. Kb1 b5 12. Nd5 Bxd5 13. exd5 Nb6 14. Bxb6 Qxb6
15. Na5 Rc8 16. c4 bxc4 17. Nxc4 Qc5 18. Ne3 a5 19. Ba6 Rb8 20. Rc1 Qa7 21. Rc6
g6 22. Rhc1 O-O 23. Bd3 Qd4 24. R6c3 e4 25. Nf5 gxf5 26. Qg5+ Kh8 27. Qh6+ Nh7
28. fxe4 Bg5 0-1

[Event "Vaujany Principal"]
[Site "?"]
[Date "2018.07.13"]
[Round "2.29"]
[White "Vignale, Stephane"]
[Black "Billotti, Romain"]
[Result "1-0"]
[WhiteElo "2100"]
[BlackElo "1853"]
[PlyCount "79"]
[EventDate "2018.??.??"]

1. Nf3 d5 2. c4 Nf6 3. cxd5 Nxd5 4. e4 Nb6 5. d4 e6 6. Be3 Be7 7. Be2 O-O 8.
O-O Nc6 9. Nc3 Kh8 10. Bb5 Na5 11. Qe2 a6 12. Bd3 Nc6 13. Rac1 f5 14. exf5 exf5
15. d5 Nb4 16. Bxb6 Nxd3 17. Qxd3 cxb6 18. Ne5 Bd6 19. f4 Bd7 20. Kh1 b5 21.
Qd4 b4 22. Nc4 Bb5 23. Nxb5 axb5 24. Nxd6 Qxd6 25. Qe5 Rfd8 26. Rfd1 h6 27. h3
Rd7 28. Qxf5 Rf8 29. Qe5 Rxf4 30. Rc8+ Kh7 31. Qe8 Rdf7 32. Qxb5 Rf2 33. Qd3+
g6 34. Re8 Qf6 35. Qg3 Qxb2 36. d6 Rf1+ 37. Rxf1 Rxf1+ 38. Kh2 Qb1 39. Qe3 Rf7
40. Qe5 1-0

[Event "Vaujany Principal"]
[Site "?"]
[Date "2018.07.13"]
[Round "2.30"]
[White "Soyer, Jean Yves"]
[Black "Juncker, Jules"]
[Result "1-0"]
[WhiteElo "2071"]
[BlackElo "1853"]
[PlyCount "37"]
[EventDate "2018.??.??"]

1. d4 Nf6 2. c4 e6 3. Nc3 Bb4 4. e3 Bxc3+ 5. bxc3 c5 6. Bd3 Nc6 7. Ne2 O-O 8.
O-O b6 9. e4 d6 10. f4 e5 11. d5 Na5 12. fxe5 dxe5 13. Bg5 Ba6 14. Ng3 Nxc4 15.
Qe2 b5 16. Bxc4 bxc4 17. Nh5 Qb6 18. Bxf6 g6 19. Qe3 1-0

[Event "Vaujany Principal"]
[Site "?"]
[Date "2018.07.14"]
[Round "3.3"]
[White "Godart, Francois"]
[Black "Kulkarni, Bhakti"]
[Result "1-0"]
[WhiteElo "2427"]
[BlackElo "2288"]
[PlyCount "61"]
[EventDate "2018.??.??"]

1. e4 e5 2. f4 exf4 3. Nf3 d5 4. exd5 Nf6 5. Bb5+ c6 6. dxc6 bxc6 7. Bc4 Bd6 8.
Qe2+ Be7 9. d4 Nd5 10. O-O O-O 11. Nc3 g5 12. Nxd5 cxd5 13. Bxd5 Qxd5 14. Qxe7
f6 15. c3 Nc6 16. Qe2 Bb7 17. Bd2 Kh8 18. b3 Rae8 19. Qf2 g4 20. Nh4 g3 21.
Qxf4 Re2 22. Rf3 Nxd4 23. cxd4 Re4 24. Ng6+ Kg8 25. Ne7+ Rxe7 26. Rxg3+ Rg7 27.
Re1 Rxg3 28. Qxg3+ Kh8 29. Qf2 Qc6 30. d5 Qxd5 31. Bh6 1-0

[Event "Vaujany Principal"]
[Site "?"]
[Date "2017.07.14"]
[Round "3.4"]
[White "Joie, Sebastien"]
[Black "Collas, Silvia"]
[Result "1-0"]
[WhiteElo "2399"]
[BlackElo "2266"]
[PlyCount "109"]

1. e4 d6 2. d4 Nf6 3. Nc3 e5 4. dxe5 dxe5 5. Qxd8+ Kxd8 6. Bg5 Nbd7 7. Bc4 Ke8
8. O-O-O a6 9. Nf3 Bd6 10. Nh4 h6 11. Be3 g6 12. f3 b5 13. Bb3 Nc5 14. Bd5 Nxd5
15. Nxd5 Ne6 16. Nb6 Rb8 17. Nxc8 Rxc8 18. Rd5 Rd8 19. Rhd1 Ke7 20. g3 c6 21.
R5d3 Bc5 22. Bxc5+ Nxc5 23. Rxd8 Rxd8 24. Rxd8 Kxd8 25. Kd2 Ke7 26. Ng2 h5 27.
Ne3 Kd6 28. h4 Ke6 29. b4 Nd7 30. g4 Nf6 31. Kd3 Kd6 32. c4 Ke6 33. c5 Ke7 34.
Ke2 hxg4 35. Nxg4 Ke6 36. Nxf6 Kxf6 37. Kf2 Ke6 38. Kg3 Kf6 39. Kg4 Kg7 40. h5
Kh6 41. hxg6 Kxg6 42. f4 exf4 43. Kxf4 Kf6 44. e5+ Ke6 45. Ke4 f6 46. exf6 Kxf6
47. Kf4 Ke6 48. Kg5 Ke5 49. a3 Ke6 50. Kg6 Kd5 51. Kf5 Kc4 52. Ke5 Kb3 53. Kd6
Kxa3 54. Kxc6 Kxb4 55. Kd5 1-0

[Event "Vaujany Principal"]
[Site "?"]
[Date "2018.07.14"]
[Round "3.5"]
[White "Terbe, Julianna"]
[Black "Sundararajan, Kidambi"]
[Result "1/2-1/2"]
[WhiteElo "2238"]
[BlackElo "2425"]
[PlyCount "113"]
[EventDate "2018.??.??"]

1. d4 Nf6 2. Bf4 g6 3. e3 Bg7 4. Nf3 O-O 5. Be2 d6 6. h3 Nbd7 7. O-O b6 8. a4
a6 9. Nbd2 Bb7 10. Bh2 e6 11. c3 Qe7 12. Qc2 e5 13. b4 Nh5 14. dxe5 dxe5 15. e4
Nf4 16. Bc4 Kh8 17. Rfe1 Bh6 18. Bf1 f5 19. exf5 gxf5 20. g3 e4 21. gxf4 Qg7+
22. Ng5 Bxg5 23. fxg5 Qxg5+ 24. Bg3 f4 25. Nxe4 Qg6 26. Bg2 fxg3 27. f3 Ne5 28.
Qe2 Rae8 29. c4 Qf7 30. Qb2 Kg8 31. Ng5 Qg7 32. Qd2 Nxc4 33. Qd3 b5 34. axb5
axb5 35. f4 Bxg2 36. Kxg2 Rd8 37. Qe4 Rd2+ 38. Kg1 Nd6 39. Qe6+ Kh8 40. Nf3 Rf2
41. Qd5 Qb2 42. Ra2 Qf6 43. Rxf2 gxf2+ 44. Kxf2 Qxf4 45. Qe5+ Qxe5 46. Rxe5 Nc4
47. Re2 Kg7 48. Kg3 Kf6 49. Nd4 Rg8+ 50. Kf4 Nb6 51. Re6+ Kf7 52. Re5 Rd8 53.
Rf5+ Kg6 54. Rg5+ Kf6 55. Rf5+ Kg6 56. Rg5+ Kf6 57. Rf5+ 1/2-1/2

[Event "Vaujany Principal"]
[Site "?"]
[Date "2018.07.14"]
[Round "3.7"]
[White "Gaborit, Jean-Pierre"]
[Black "Valles, Manuel"]
[Result "0-1"]
[WhiteElo "2186"]
[BlackElo "2388"]
[PlyCount "92"]
[EventDate "2018.??.??"]

1. d4 d5 2. Bg5 f6 3. Bd2 Nc6 4. e3 e5 5. Bb5 Qd6 6. a3 Bd7 7. Bxc6 Qxc6 8. Bb4
Ne7 9. Nc3 O-O-O 10. Nf3 e4 11. Nd2 h5 12. Qe2 Kb8 13. O-O-O Qe6 14. Kb1 h4 15.
Na2 h3 16. g3 Qg4 17. Qxg4 Bxg4 18. Bxe7 Bxe7 19. Rde1 b6 20. b4 a5 21. c3 Kb7
22. Kb2 Ra8 23. c4 axb4 24. Nxb4 dxc4 25. Nxc4 Be6 26. Rc1 b5 27. d5 Bf7 28.
Nd2 Bxb4 29. axb4 Bxd5 30. Ra1 Kb6 31. Nb3 Bxb3 32. Kxb3 Rxa1 33. Rxa1 Rd8 34.
Kc3 c5 35. bxc5+ Kxc5 36. Ra7 Rd3+ 37. Kc2 Rd5 38. Rxg7 Rf5 39. Rh7 Kc4 40.
Rxh3 Rxf2+ 41. Kb1 Kb3 42. Kc1 Kc3 43. Kb1 b4 44. Rh8 Rf1+ 45. Ka2 b3+ 46. Ka3
Ra1# 0-1

[Event "Vaujany Principal"]
[Site "?"]
[Date "2018.07.14"]
[Round "3.8"]
[White "Dudognon, Thibault"]
[Black "Szabo, Balazs"]
[Result "1/2-1/2"]
[WhiteElo "2316"]
[BlackElo "2229"]
[PlyCount "78"]
[EventDate "2018.??.??"]

1. d4 Nf6 2. c4 e6 3. g3 d5 4. Nf3 dxc4 5. Bg2 Nbd7 6. O-O c6 7. Nfd2 Nb6 8. e3
c5 9. dxc5 Bxc5 10. Qc2 Bd7 11. Nxc4 Rc8 12. Nxb6 Qxb6 13. Nc3 Be7 14. Qb3 Bc6
15. Qxb6 axb6 16. Bd2 O-O 17. Rfd1 b5 18. a3 Nd7 19. Na2 Nb6 20. Bb4 Bxb4 21.
Nxb4 Bxg2 22. Kxg2 Nc4 23. Rd7 b6 24. b3 Na5 25. Rd3 g6 26. Rad1 Rc5 27. h4 Kg7
28. Rd6 Nxb3 29. Rxb6 Na5 30. Rd7 Kg8 31. Ra6 Nc4 32. Raa7 Ne5 33. Rdb7 h5 34.
Ra5 Nc4 35. Raa7 Ne5 36. Ra5 Nc4 37. Raxb5 Rxb5 38. Rxb5 Nxa3 39. Rb7 Rc8
1/2-1/2

[Event "Vaujany Principal"]
[Site "?"]
[Date "2018.07.14"]
[Round "3.9"]
[White "Fodor, Balazs"]
[Black "Paul, Johannes"]
[Result "0-1"]
[WhiteElo "2147"]
[BlackElo "2315"]
[PlyCount "92"]
[EventDate "2018.??.??"]

1. d4 Nf6 2. c4 e6 3. Nf3 Bb4+ 4. Nbd2 O-O 5. a3 Bxd2+ 6. Bxd2 d6 7. Qc2 Re8 8.
e4 e5 9. d5 Bg4 10. Ng1 a5 11. b3 Nbd7 12. f3 Nc5 13. Bd3 Bd7 14. Rb1 Nh5 15.
Ne2 Qh4+ 16. g3 Qf6 17. O-O Bh3 18. Rf2 Qg6 19. g4 Nf6 20. Kh1 h5 21. g5 Nfd7
22. Rg1 Nxd3 23. Qxd3 Nc5 24. Qc2 Bd7 25. Nc3 Reb8 26. a4 Rf8 27. Be3 Na6 28.
Qd1 Rfd8 29. f4 exf4 30. Rxf4 Re8 31. Qf1 b6 32. h3 Nc5 33. Bxc5 bxc5 34. Qf3
Re5 35. Qg3 Rb8 36. Qh4 Rxb3 37. Rg3 Kf8 38. Rgf3 Rxg5 39. Rxf7+ Kg8 40. Qf2
Be8 41. Re7 Kh7 42. Kh2 h4 43. Qxh4+ Qh5 44. Qf2 Rb2 45. Qxb2 Qxf3 46. Qe2 Qg3+
0-1

[Event "Vaujany Principal"]
[Site "?"]
[Date "2018.07.14"]
[Round "3.10"]
[White "Ortiz Suarez, Isan Reynaldo"]
[Black "Terbe, Zsuzsanna"]
[Result "1-0"]
[WhiteElo "2548"]
[BlackElo "2178"]
[PlyCount "69"]
[EventDate "2018.??.??"]

1. e4 e5 2. Nf3 Nc6 3. Bb5 a6 4. Ba4 Nf6 5. d3 d6 6. c3 g6 7. O-O Bg7 8. Nbd2
O-O 9. Re1 b5 10. Bc2 Bb7 11. a4 d5 12. Nb3 Qd6 13. Be3 Nd7 14. d4 exd4 15.
Nfxd4 Nxd4 16. Bxd4 c5 17. Bxg7 Kxg7 18. Na5 Rab8 19. axb5 axb5 20. b4 Ba8 21.
Qd2 cxb4 22. cxb4 Nb6 23. e5 Qe7 24. Nb3 Nc4 25. Qd4 Qxb4 26. e6+ f6 27. Nc5
Bc6 28. Na6 Qd2 29. Qxd2 Nxd2 30. Nxb8 Rxb8 31. Ra7+ Kg8 32. Rc7 Be8 33. Rd1
Nc4 34. Rxd5 Ne5 35. Bb3 1-0

[Event "Vaujany Principal"]
[Site "?"]
[Date "2018.07.14"]
[Round "3.11"]
[White "Collas, Didier"]
[Black "Zeuner, Michael"]
[Result "1-0"]
[WhiteElo "2380"]
[BlackElo "2128"]
[PlyCount "97"]
[EventDate "2018.??.??"]

1. e4 c5 2. Nf3 Nc6 3. d4 cxd4 4. Nxd4 g6 5. c4 Bg7 6. Be3 Nf6 7. Nc3 O-O 8.
Be2 d6 9. O-O Nxd4 10. Bxd4 Bd7 11. Qd2 Bc6 12. f3 Nd7 13. Be3 a5 14. b3 Nc5
15. Rab1 e6 16. Bd1 Be5 17. Bc2 f5 18. exf5 gxf5 19. Ne2 Qc7 20. a3 b5 21. b4
axb4 22. axb4 Na4 23. Nd4 Bxd4 24. Qxd4 e5 25. Qd3 bxc4 26. Qxc4+ d5 27. Qd3
Nb6 28. Bc5 Rf7 29. f4 Nd7 30. fxe5 Nxc5 31. bxc5 Qxe5 32. Rxf5 Qxf5 33. Qxf5
Rxf5 34. Bxf5 Ra5 35. Rb8+ Kg7 36. Rc8 Rxc5 37. Rc7+ Kf6 38. Bxh7 Ke5 39. h4
Kf4 40. h5 Kg5 41. Bg6 Rc4 42. Bd3 Rc5 43. Ba6 d4 44. Bb7 d3 45. Rxc6 Rb5 46.
Rg6+ Kxh5 47. Rg7 Kh4 48. Bf3 Rd5 49. Rg4+ 1-0

[Event "Vaujany Principal"]
[Site "?"]
[Date "2018.07.14"]
[Round "3.12"]
[White "Skomorokhina, Tatiana"]
[Black "Meunier, Clement"]
[Result "1/2-1/2"]
[WhiteElo "2112"]
[BlackElo "2322"]
[PlyCount "78"]
[EventDate "2018.??.??"]

1. d4 Nf6 2. Nf3 e6 3. Bg5 Be7 4. c4 b6 5. e3 Bb7 6. Nc3 d5 7. Bd3 Nbd7 8. O-O
O-O 9. Rc1 c5 10. Qe2 h6 11. Bf4 a6 12. Ne5 dxc4 13. Nxc4 cxd4 14. exd4 Nb8 15.
Rfd1 b5 16. Ne5 Nbd7 17. Ne4 Rc8 18. Rxc8 Qxc8 19. Rc1 Qa8 20. Nxd7 Nxd7 21.
Rc7 Bc6 22. Qc2 Rc8 23. Rxc8+ Qxc8 24. Nc5 Nxc5 25. dxc5 Qd7 26. Be2 e5 27. Be3
f5 28. f3 h5 29. b4 h4 30. Qd3 Qe6 31. Bd1 Bd5 32. Qxd5 Qxd5 33. Bb3 Qxb3 34.
axb3 Kf7 35. Kf1 Ke6 36. Ke2 Kd5 37. h3 Bd8 38. Kd3 Bf6 39. Bf2 Be7 1/2-1/2

[Event "Vaujany Principal"]
[Site "?"]
[Date "2018.07.14"]
[Round "3.15"]
[White "Laronche, Thomas"]
[Black "Frantz, Nicolas"]
[Result "0-1"]
[WhiteElo "2164"]
[BlackElo "2080"]
[PlyCount "100"]
[EventDate "2018.??.??"]

1. Nf3 d5 2. g3 c6 3. Bg2 Bg4 4. d3 Nf6 5. Nbd2 Nbd7 6. O-O e5 7. e4 Bc5 8. c3
O-O 9. Qc2 dxe4 10. dxe4 Be6 11. h3 h6 12. Rd1 Qb6 13. Nb3 Be7 14. Be3 Qc7 15.
Ne1 c5 16. Nc1 c4 17. f4 Bc5 18. Qf2 Qb6 19. Bxc5 Nxc5 20. fxe5 Nfxe4 21. Bxe4
Nxe4 22. Qxb6 axb6 23. Kg2 Rfd8 24. Rd4 Bd5 25. Kh2 Nc5 26. a3 b5 27. g4 Bc6
28. Ne2 Re8 29. Rad1 Rxe5 30. Ng3 Rae8 31. Ng2 Nd3 32. Rd2 Nc5 33. Rd8 g6 34.
Nf4 Kg7 35. Rxe8 Rxe8 36. Nfe2 Nb3 37. Rd6 Re3 38. Nd4 Rd3 39. Nf1 Nd2 40. Kg1
Ne4 41. Rd8 Rxh3 42. Rc8 Rd3 43. a4 bxa4 44. Nxc6 bxc6 45. Rxc6 Rd1 46. Kg2 Rb1
47. Rxc4 Rxb2+ 48. Kf3 f5 49. gxf5 gxf5 50. Ng3 Nd2+ 0-1

[Event "Vaujany Principal"]
[Site "?"]
[Date "2018.07.14"]
[Round "3.16"]
[White "Georges, Thomas"]
[Black "Bandet, Raphael"]
[Result "0-1"]
[WhiteElo "2060"]
[BlackElo "2160"]
[PlyCount "50"]
[EventDate "2018.??.??"]

1. e4 d6 2. d4 Nf6 3. Nc3 Nbd7 4. Nf3 e5 5. Bc4 Be7 6. O-O c6 7. a4 Qc7 8. a5
h6 9. Re1 O-O 10. h3 Re8 11. Be3 Nf8 12. d5 Ng6 13. Qd2 Nh5 14. b4 Nhf4 15.
dxc6 bxc6 16. b5 cxb5 17. Bxb5 Bd7 18. Bxd7 Qxd7 19. Nxe5 Nxh3+ 20. gxh3 Nxe5
21. Kg2 Qe6 22. Qe2 Rac8 23. Bd2 Bg5 24. Bxg5 Rxc3 25. Bf4 Qxh3+ 0-1

[Event "Vaujany Principal"]
[Site "?"]
[Date "2018.07.14"]
[Round "3.17"]
[White "Lux, Hugo De Melo"]
[Black "Soyer, Jean Yves"]
[Result "1/2-1/2"]
[WhiteElo "1929"]
[BlackElo "2071"]
[PlyCount "70"]
[EventDate "2018.??.??"]

1. e4 c5 2. Nc3 Nc6 3. g3 g6 4. Bg2 Bg7 5. Nge2 Nf6 6. O-O d6 7. d3 O-O 8. h3
Ne8 9. Be3 Nd4 10. Qd2 Nc7 11. f4 Nxe2+ 12. Qxe2 Ne6 13. Qd2 Rb8 14. Nd1 b5 15.
c3 b4 16. f5 bxc3 17. bxc3 Nc7 18. Bh6 d5 19. Bxg7 Kxg7 20. Qf4 Ba6 21. Nf2
dxe4 22. Bxe4 f6 23. fxg6 hxg6 24. Ng4 Rh8 25. Ne5 Ne6 26. Qg4 Ng5 27. h4 Bc8
28. Qe2 Nxe4 29. Qxe4 Bf5 30. Rxf5 gxf5 31. Qxf5 Qe8 32. Qg4+ Kh7 33. Qf5+ Kg7
34. Qg4+ Kh7 35. Qf5+ Kg7 1/2-1/2

[Event "Vaujany Principal"]
[Site "?"]
[Date "2018.07.14"]
[Round "3.19"]
[White "Drevet, Florian"]
[Black "Houard, Sebastien"]
[Result "0-1"]
[WhiteElo "1910"]
[BlackElo "2145"]
[PlyCount "80"]
[EventDate "2018.??.??"]

1. d4 d5 2. c4 c6 3. Nc3 Nf6 4. cxd5 Nxd5 5. Nxd5 Qxd5 6. Nf3 Bf5 7. e3 e6 8.
Be2 Nd7 9. O-O h6 10. b3 Qa5 11. Bb2 Rd8 12. a3 Bd6 13. b4 Qc7 14. Rc1 a6 15.
Qb3 O-O 16. a4 Qb8 17. b5 cxb5 18. axb5 a5 19. b6 Be4 20. Ra1 Bd5 21. Qb5 Bb4
22. Ba3 Bc6 23. Qd3 Nc5 24. Qb1 Be4 25. Qa2 Bd5 26. Bc4 Ne4 27. Bxb4 axb4 28.
Bxd5 Nc3 29. Qb3 Nxd5 30. Ne5 Qd6 31. Nd3 Rc8 32. Rfc1 Qxb6 33. Nc5 Rfd8 34.
Rc4 Qb5 35. e4 Nf6 36. Rxb4 Qe2 37. f3 b6 38. Nd3 Rc2 39. Ne1 Qf2+ 40. Kh1 Qf1#
0-1

[Event "Vaujany Principal"]
[Site "?"]
[Date "2018.07.14"]
[Round "3.21"]
[White "Mullick, Raahil"]
[Black "Kaloczi, Kristof"]
[Result "0-1"]
[WhiteElo "2128"]
[BlackElo "2029"]
[PlyCount "60"]
[EventDate "2018.??.??"]

1. e4 g6 2. d4 Bg7 3. Nc3 a6 4. Be3 b5 5. Bd3 Bb7 6. Qd2 d6 7. a3 Nd7 8. f4 c5
9. Nf3 Ngf6 10. d5 Ng4 11. Bg1 e6 12. O-O-O exd5 13. Nxd5 Bxd5 14. exd5 O-O 15.
Re1 c4 16. Bf1 c3 17. bxc3 Qa5 18. Bd4 Qxa3+ 19. Kd1 Rfe8 20. h3 Bxd4 21. Qxd4
Rxe1+ 22. Nxe1 Re8 23. Kd2 Ne3 24. Be2 Nc5 25. Rg1 Ne4+ 26. Kd3 Qc1 27. Qxe4
Rxe4 28. Kxe4 Nf5 29. Kf3 Qe3+ 30. Kg4 Qg3# 0-1

[Event "Vaujany Principal"]
[Site "?"]
[Date "2018.07.14"]
[Round "3.23"]
[White "Suez-Panama, Gilles"]
[Black "Skomorokhin, Roman"]
[Result "0-1"]
[WhiteElo "2010"]
[BlackElo "2371"]
[PlyCount "84"]
[EventDate "2018.??.??"]

1. d4 Nf6 2. Nf3 d5 3. c4 dxc4 4. Nc3 a6 5. a4 Nc6 6. Bg5 Bg4 7. d5 Na5 8. Ne5
Bh5 9. f3 Qd6 10. Bf4 Qb4 11. Bd2 Nb3 12. g4 Bg6 13. e4 Nd7 14. Nxd7 Kxd7 15.
Na2 Qxd2+ 16. Qxd2 Nxd2 17. Kxd2 h5 18. g5 h4 19. Bh3+ e6 20. Rac1 b5 21. Rhd1
Bd6 22. Ke3 Ke7 23. Nc3 Rhb8 24. axb5 axb5 25. dxe6 fxe6 26. Ra1 b4 27. Rxa8
Rxa8 28. Nb5 Bc5+ 29. Kf4 Ra5 30. Bxe6 Kxe6 31. Nxc7+ Ke7 32. Nd5+ Kf8 33. Kg4
Bf7 34. Nf4 Be3 35. g6 Bxf4 36. gxf7 g5 37. Rd7 Rc5 38. Kh5 c3 39. bxc3 bxc3
40. Kg6 Rc6+ 41. Kf5 c2 42. e5 Bxe5 0-1

[Event "Vaujany Principal"]
[Site "?"]
[Date "2018.07.14"]
[Round "3.25"]
[White "Gokhale, Anupama"]
[Black "Berta, Sandor"]
[Result "0-1"]
[WhiteElo "1967"]
[BlackElo "2083"]
[PlyCount "126"]
[EventDate "2018.??.??"]

1. d4 Nf6 2. Nf3 g6 3. Bg5 Ne4 4. Bf4 Bg7 5. c3 O-O 6. e3 d5 7. Nbd2 Nd6 8. Be2
c6 9. O-O Nd7 10. Qb3 Nb6 11. Rad1 Be6 12. Qc2 f6 13. b3 Bf7 14. c4 Nbc8 15. e4
dxe4 16. Nxe4 Nxe4 17. Qxe4 Nd6 18. Qc2 Qd7 19. Bc1 Qc7 20. Rfe1 Be6 21. c5 Nf7
22. Bc4 Bd5 23. Bxd5 cxd5 24. b4 Rad8 25. Qb3 Qd7 26. b5 e5 27. a4 e4 28. Nd2
f5 29. Nf1 Nh6 30. Bg5 Rc8 31. Ne3 Rcd8 32. Bxd8 Rxd8 33. c6 bxc6 34. bxc6 Qxc6
35. Rc1 Qb6 36. Qxb6 axb6 37. Red1 f4 38. Nc2 Nf5 39. Rb1 Rd6 40. Rb5 Kf7 41.
Kf1 Bf6 42. f3 Rc6 43. Nb4 Ne3+ 44. Ke1 Rc4 45. Nxd5 Nxd1 46. Kxd1 Rxd4+ 47.
Ke2 e3 48. g3 g5 49. Nxf6 Kxf6 50. h4 Rd2+ 51. Ke1 fxg3 52. hxg5+ Kg6 53. Rxb6+
Kxg5 54. Rb7 g2 55. f4+ Kxf4 56. Rf7+ Ke4 57. Re7+ Kd4 58. Rd7+ Kc5 59. Rc7+
Kb4 60. Rb7+ Kxa4 61. Ra7+ Kb5 62. Rb7+ Kc6 63. Rg7 Ra2 0-1

[Event "Vaujany Principal"]
[Site "?"]
[Date "2018.07.15"]
[Round "4.1"]
[White "Joie, Sebastien"]
[Black "Godart, Francois"]
[Result "1-0"]
[WhiteElo "2399"]
[BlackElo "2427"]
[PlyCount "43"]
[EventDate "2018.??.??"]

1. Nf3 d5 2. g3 Nf6 3. Bg2 c5 4. O-O e6 5. d4 cxd4 6. Nxd4 e5 7. Nf3 Nc6 8. c4
d4 9. e3 Bg4 10. h3 Bh5 11. g4 Bg6 12. exd4 exd4 13. Bf4 Qd7 14. Ne5 Nxe5 15.
Bxe5 O-O-O 16. Nd2 h5 17. g5 Nh7 18. c5 Nxg5 19. c6 bxc6 20. Rc1 Bd6 21. Bxd6
Nxh3+ 22. Kh1 1-0

[Event "Vaujany Principal"]
[Site "?"]
[Date "2018.07.15"]
[Round "4.2"]
[White "Antal, Gergely"]
[Black "Nitish, Belurkar"]
[Result "1/2-1/2"]
[WhiteElo "2542"]
[BlackElo "2309"]
[PlyCount "105"]
[EventDate "2018.??.??"]

1. e4 e6 2. d4 d5 3. Nd2 dxe4 4. Nxe4 Nd7 5. Nf3 Ngf6 6. Bd3 c5 7. O-O Nxe4 8.
Bxe4 Nf6 9. Bg5 h6 10. Bxf6 Qxf6 11. Qd3 a6 12. Qb3 Be7 13. Bxb7 Bxb7 14. Qxb7
O-O 15. Ne5 Rfc8 16. Nd7 Qxd4 17. Rad1 Qa4 18. Nb6 Qb5 19. a4 Qb4 20. c3 Qb3
21. a5 Re8 22. Rd7 Rab8 23. Qc7 Bf6 24. Qxc5 Qxb2 25. c4 Bc3 26. Qh5 Rf8 27.
Ra7 Bd4 28. Rxa6 Bxb6 29. axb6 Rxb6 30. Rxb6 Qxb6 31. Rc1 Rd8 32. h3 Rd2 33.
Qf3 Qb2 34. Rd1 Rxd1+ 35. Qxd1 Qc3 36. Qe2 Qc1+ 37. Kh2 Qf4+ 38. g3 Qd4 39. Kg2
Kf8 40. Qc2 Qc5 41. Qe4 Ke7 42. Qb7+ Kf6 43. Qb2+ Qe5 44. Qb4 Qd4 45. h4 g6 46.
Qb5 Qe4+ 47. Kh2 Qd4 48. Kg1 g5 49. hxg5+ hxg5 50. c5 Qd1+ 51. Kh2 Qd4 52. Kg1
Qd1+ 53. Kh2 1/2-1/2

[Event "Vaujany Principal"]
[Site "?"]
[Date "2018.07.15"]
[Round "4.3"]
[White "Paul, Johannes"]
[Black "Horvath, Jozsef"]
[Result "1/2-1/2"]
[WhiteElo "2315"]
[BlackElo "2504"]
[PlyCount "69"]
[EventDate "2018.??.??"]

1. d4 Nf6 2. c4 e6 3. Nc3 Bb4 4. Qc2 c5 5. dxc5 Qc7 6. Nf3 Bxc5 7. Bg5 a6 8. e3
Be7 9. Bd3 b6 10. Ne4 Nc6 11. a3 Bb7 12. O-O Ng4 13. Bxe7 Kxe7 14. Ned2 Nce5
15. e4 Rac8 16. h3 Nf6 17. Rac1 Rhd8 18. Rfe1 Nxd3 19. Qxd3 d6 20. Rc3 h6 21.
Qe3 Kf8 22. Nd4 Ba8 23. Rec1 Qb7 24. f3 Rc5 25. b4 Rc7 26. N2b3 Qa7 27. a4 Kg8
28. e5 dxe5 29. Qxe5 Nd7 30. Qe3 Nf6 31. Ne2 Qb8 32. Nf4 Rcc8 33. b5 axb5 34.
axb5 e5 35. Ne2 1/2-1/2

[Event "Vaujany Principal"]
[Site "?"]
[Date "2018.07.15"]
[Round "4.4"]
[White "Womacka, Mathias"]
[Black "Konguvel, Ponnuswamy"]
[Result "1/2-1/2"]
[WhiteElo "2444"]
[BlackElo "2340"]
[PlyCount "63"]
[EventDate "2018.??.??"]

1. e4 c5 2. Nf3 e6 3. d4 cxd4 4. Nxd4 Nc6 5. Nc3 Qc7 6. Be3 a6 7. Be2 Nf6 8.
O-O Be7 9. f4 d6 10. Qe1 O-O 11. Kh1 Nxd4 12. Bxd4 b5 13. a3 Bb7 14. Qg3 Bc6
15. Rae1 Rad8 16. Bd3 Qd7 17. e5 dxe5 18. Bxe5 g6 19. Qh3 Qb7 20. Re3 Nh5 21.
Ne4 f5 22. Ng5 Bd5 23. Re2 Rd7 24. Bc3 Qc6 25. Qe3 Re8 26. Nf3 Bxf3 27. Qxf3
Qxf3 28. Rxf3 Bf6 29. Bxf6 Nxf6 30. Kg1 Rd4 31. g3 Nd7 32. b4 1/2-1/2